|
|
|
|
| LEADER |
00000nam a22000007a 4500 |
| 005 |
20201209232631.0 |
| 007 |
cr|||| |||| |
| 008 |
201209s2013 co |||||s|||| 00||0 spa d |
| 020 |
|
|
|a 978-958-716-637-8
|
| 035 |
|
|
|a 32330
|
| 040 |
|
|
|a vLex
|
| 090 |
|
|
|c 10927
|d 10927
|
| 100 |
1 |
|
|a Pacheco Pastene, Luis
|
| 245 |
1 |
0 |
|a Democracia y humanizacin̤ en el Chile contemporǹeo
|h [Recurso electrn̤ico] :
|b Polt̕ica, sociedad y valores /
|c Luis Pacheco Pastene, Mara̕ Antonieta Huerta Malbrǹ
|
| 256 |
|
|
|a Servicio en ln̕ea
|
| 260 |
|
|
|a Bogot:̀
|b Pontificia Universidad Javeriana,
|c 2013
|
| 300 |
|
|
|a 1 recurso electrn̤ico
|
| 500 |
|
|
|a En este libro, los autores discuten aspectos relevantes de la historia polt̕ica del Chile contemporǹeo con una perspectiva latinoamericana e introducen conceptos originales relacionados con la -democracia solidaria- de carc̀ter estructural, que se aparta radicalmente de cualquier visin̤ neoliberal. Este texto busca hacer una nueva significacin̤ de conceptos tales como -el valor de la diversidad- en todos los m̀bitos de la expresin̤ humana, la -dignidad de la persona- por medio de un nuevo sentido y nuevas expresiones de lo econm̤ico y de los valores implc̕itos de los derechos humanos. Todo esto en el contexto de las transformaciones de los aǫs sesenta y setenta.
|
| 506 |
1 |
|
|a Disponible solo en los productos indicados
|d vLex Global
|d vLex Global (Academic Edition, excluding Law Schools)
|d vLex Global (U.S. Academic Edition, Law Schools)
|d vLex Global (U.S. Academic Edition, excluding Law Schools)
|d vLex Global (Academic Edition, Law Schools)
|
| 650 |
0 |
4 |
|a Gobierno
|z Colombia
|
| 650 |
0 |
4 |
|a Ciencias sociales
|z Colombia
|
| 650 |
0 |
4 |
|a Ciencia polt̕ica
|z Colombia
|
| 650 |
0 |
4 |
|a Filosofa̕ y religin̤
|z Colombia
|
| 650 |
0 |
4 |
|a Humanidades
|z Colombia
|
| 700 |
1 |
|
|a Huerta Malbrǹ, Mara̕ Antonieta
|
| 740 |
0 |
|
|a vLex Libros (Servicio en ln̕ea)
|
| 856 |
4 |
0 |
|u http://vlex.com/source/democracia-y-humanizacion-en-el-chile-contemporaneo-politica-sociedad-y-valores-32330
|z Acceso restringido
|
| 942 |
|
|
|c BOOK
|
| 999 |
0 |
|
|a Government
|
| 999 |
0 |
|
|a Social Sciences
|
| 999 |
0 |
|
|a Political science
|
| 999 |
0 |
|
|a Philosophy and religion
|
| 999 |
0 |
|
|a Humanities
|